000 00637nam a22001337a 4500
040 _cRUA
082 _aAGR RUN 2017 B636 Or.1
100 _aRUN RATHANA រុន រតនា​
245 _acultivation practice and arthropod in paddy field in takeo province បចេ្ចកទេសដាំដុះ និង សមាសភាពសត្វល្អិតលើដំណាំស្រូវនៅក្នុងខេត្តតាកែវ
260 _aRUA
_bPhnom penh
_c2017
300 _axii;57p
_bill;
_c29cm
856 _uhttps://drive.google.com/file/d/1iVYk5v7ptxsyVcEDcBzMN0Fu2-SSYlKC/view?usp=sharing
942 _cAGR
999 _c18000
_d18000